000 00522nam a2200157 i 4500
001 52056
003 ES-MaACL
007 t|
008 030825s1915 xxk ||||1| eng d
100 1 _aChaucer, Geoffrey.
_938193
245 1 0 _aChaucer's Canterbury tales for the modern reader /
_cGeoffrey Chaucer ; prepared and edited by Arthur Burrell.
260 _aLondon :
_b[s.n.,
_c1915] (
_eLetchworth :
_fThe Temple Press)
300 _aXVII, 519 p. ;
_c18 cm.
700 1 _aBurrel, Arthur.
_932765
852 _aES-MaACL
_jG-14666
999 _c52056
_d52056